000 00736nam a2200229Ia 4500
003 OSt
005 20220926002847.0
006 a|||||r|||| 00| 0
007 ta
008 220923b |||||||| |||| 00| 0 eng d
020 _a9788125043072
_c760.75
037 _b899, 18/03/2013, Pranami Book Service
_cGeneral Book
040 _aRTL
_cRTL
_beng
041 _2eng
_aeng
082 _aV46.P09, Q2
245 0 _aWRITINGS OF Richard Falk
_b Towards humane global governance
260 _a New Delhi
_bOrient Blackswan
_c2012
300 _axxxv, 523p Bibliography: P 488-498
_ccm.
650 _aSociology
942 _hV46.P09, Q2
_cGB
_2CC
999 _c606222
_d606222